La Télévision en couleur.

Tallennettuna:
Bibliografiset tiedot
Päätekijä: Guillen, Robert
Aineistotyyppi: Kirja
Kieli:Undetermined
Julkaistu: Paris Presses universitaires de France 1968
Aiheet:
Tagit: Lisää tagi
Ei tageja, Lisää ensimmäinen tagi!
Thư viện lưu trữ: Trung tâm Học liệu Trường Đại học Cần Thơ
LEADER 00485nam a2200181Ia 4500
001 CTU_97934
008 210402s9999 xx 000 0 und d
082 |a 621.388 
082 |b G958 
100 |a Guillen, Robert 
245 0 |a La Télévision en couleur. 
245 0 |c Robert Guillen 
260 |a Paris 
260 |b Presses universitaires de France 
260 |c 1968 
650 |a Color television 
904 |i Năm 
980 |a Trung tâm Học liệu Trường Đại học Cần Thơ